000 00552nam a2200193 b 4500
003 OSt
005 20180319145451.0
008 980804s1997 sp | ||| ||spa
020 _a978-950-641-540-2
040 _aBCRI
_cBCRI
082 _a658.3
100 1 _aAlles, Martha Alicia
_926629
245 1 0 _aDesempeño por competencias
_b: evaluacion de 360
_cAlles, Martha Alicia
250 _a2ª ed
260 0 _aBuenos Aires
_bGranica
_c2008
300 _a331 p.
_c23 cm
650 2 4 _aDirección de personal
_96298
942 _2ddc
_cBK
_hprozim
999 _c22026
_d22026